000
00302nam a2200121 a 4500
008
141120s2005|||| d
245
1
0
_a
Všeobecný encyklopedický slovník S-Ž
260
_b
Ottovo nakladetelstvo
_a
Praha
_c
2005
020
_c
11,25
041
_a
slo
044
_a
xo
_c
SK
958
_a
AZN
999
_c
20525
_d
20525